00750nam a2200241Ia 450000500170000001000270001702000260004402000310007003500230010103500130012403500130013703700260015003700130017608200110018910000180020024500640021825000110028226000330029327000560032630000350038250000650041765000260048220170605150352.0 aBAC-EN21 ENG-111867 a9788126508105c799.00 a9788126508105c889.00 (AV) aB-586895-910  aEN-95399 aB-669686 bAsian Book Centre/Ven bDBAD/PUB a530.15 aBoas, Mary L. aMathamatical methods in physical sciences /cby Mary L.Boas a3rd ed c2014aNew DelhibJohn Wiley  a4435/7, Ansari Road, Daryaganj, bNew Delhie110002 c24cm(pbk)axviii,839p. :bill. a Includes bibliographical references (p. 779-780) and index. aMathematical physics.